| 000 | 00357nam a22001337a 4500 | ||
|---|---|---|---|
| 020 | _a085264275x | ||
| 040 | _cNust | ||
| 082 |
_a519.2 _bSTA;S |
||
| 100 |
_aAlan Stuart _9127001 |
||
| 245 | _aStatistics theory and practice | ||
| 260 |
_aEngland: _bCharles Griffin & Coy Ltd, _c1984. |
||
| 650 |
_aStatistics theory and practice _962128 |
||
| 942 |
_2ddc _cBK |
||
| 999 |
_c612371 _d612371 |
||